000 00806nam a22002057a 4500
999 _c371119
_d371119
008 201127b ||||| |||| 00| 0 eng d
040 _aDE-2950
_bger
_cDE-2950
_erda
041 _ager
100 _aGutke, Thomas:
245 _aEmpörung bei der FWA über Umweltminister.
_bSulfat: Die Kosten für den Ausbau des Wasserwerkes Müllrose werden wohl die Verbraucher zahlen müssen. Denn Axel Vogel (Grüne) sieht dafür aktuell keinen Handlungsbedarf.
_cThomas Gutke
264 _c2021
653 _aMüllrose
653 _aWasserwerk
653 _aFWA
773 _dFrankfurt (Oder) Märkisches Verlags- und Druckhaus GmbH & Co KG
_tMärkische Oderzeitung
_g32. Jahrgang (2021) Nr. 266 vom 13./14.11.2021, S. 20
942 _cA